La rebelión de los pacientes : contra una atención médica industrializada /

Detalles Bibliográficos
Autor principal: Montori, Victor M. (Autor)
Otros Autores: Iris, Manuel (Traductor)
Formato: Electrónico eBook
Lenguaje:español
inglés
Publicado: Barcelona : Antoni Bosch editor, [2020]
Materias:
Acceso en línea:Digitalia Hispánica

MARC

LEADER 00000nam a2200000Ii 4500
001 DIGANBSCH0031
003 NyNyDIG
006 m o d
007 cr |||||||||||
008 240103s2020 sp o 000 0 spa d
035 |a (OCoLC)1417821174 
040 |a DGITA  |b eng  |e rda  |e pn  |c DGITA 
020 |a 9788412106329  |q eBook 
020 |z 9788412106312 
041 1 |a spa  |h eng 
050 1 4 |a R727.45 ebook 
100 1 |a Montori, Victor M.,  |e author. 
240 1 0 |a Why we revolt.  |l Spanish  |s (Iris) 
245 1 3 |a La rebelión de los pacientes :  |b contra una atención médica industrializada /  |c Víctor Montori ; traducción de Manuel Iris. 
264 1 |a Barcelona :  |b Antoni Bosch editor,  |c [2020] 
300 |a 1 online resource. 
336 |a text  |b txt  |2 rdacontent 
337 |a computer  |b c  |2 rdamedia 
338 |a online resource  |b cr  |2 rdacarrier 
347 |a text file  |2 rdaft 
347 |b EPUB 
588 0 |a Online resource; title from ePub title page (Digitalia, viewed January 3, 2024) 
650 0 |a Care of the sick. 
650 0 |a Kindness. 
650 0 |a Medical care. 
650 0 |a Health care reform. 
700 1 |a Iris, Manuel,  |e translator. 
700 1 |i Translation of:  |a Montori, Victor M.  |t Why we revolt. 
791 2 |a Digitalia (Firm),  |e distributor. 
793 0 |g Digitalia eBook Collection:  |a Antoni Bosch Editor 
776 0 8 |i Print version:  |a Montori, Victor M.  |s Why we revolt. Spanish (Iris).  |t Rebelión de los pacientes.  |d Barcelona : Antoni Bosch editor, [2020]  |z 9788412106312 
856 4 0 |3 Digitalia Hispánica  |u https://www.digitaliapublishing.com/a/99592/ 
910 |a Premium collection: 2024